000 00783nam a2200253 i 4500
001 bg
100 1 _aCHRZAN, Tadeusz
_d(1940- )
245 1 0 _aGeologia i hydrogeologia =
_bGeology and hydrogeology /
_cTadeusz Chrzan ; Uniwersytet Zielonogórski.
260 _aZielona Góra :
_bRedakcja Wydawnictw Naukowo-Technicznych,
_c2001.
300 _a176 s. :
_bil. ;
_c24 cm.
500 _aNa okł. podtyt.: podręcznik.
504 _aBibliogr., spis norm.
650 9 _aGeologia
650 9 _aHydrogeologia
655 _aPodręczniki akademickie
710 0 _aUniwersytet Zielonogórski
020 _a8389044005
040 _cBPK
041 0 _apol
080 _a551.1/.7+556.3](075.8)
920 _a83-89044-00-5
942 _cKS
008 s pl f |000 0 pol
999 _c42640
_d42640
856 _uhttp://koha.tu.koszalin.pl/cgi-bin/koha/opac-detail.pl?biblionumber=42640
_yKatalog online BPK